[Event "Novosibirsk Region-ch"]
[Site "Novosibirsk"]
[Date "2009.12.10"]
[Round "8"]
[White "Bublei, Pavel"]
[Black "Vorobjov, Stanislav"]
[Result "0-1"]
[WhiteElo "2237"]
[BlackElo "2175"]
[PlyCount "96"]
[EventDate "2009.12.04"]
[EventType "swiss"]
[EventRounds "9"]
[EventCountry "RUS"]
[SourceTitle "EXT 2011"]
[Source "ChessBase"]
[SourceDate "2010.11.26"]
[SourceVersion "1"]
[SourceVersionDate "2010.11.26"]
[SourceQuality "1"]

1. d4 d5 2. c4 e6 3. Nc3 Nf6 4. Bg5 Nbd7 5. cxd5 exd5 6. e3 Be7 7. Bd3 0-0 8. Nge2 c6 9. Qc2 Re8 10. h4 h6 11. Bf4 Nf8 12. 0-0-0 Bd6 13. Rhe1 Ng4 14. Bxd6 Qxd6 15. Nf4 Ne6 16. Nh5 Nf8 17. e4 g6 18. e5 Qe7 19. Nf4 Qxh4 20. g3 Qh2 21. e6 Bxe6 22. Re2 Bd7 23. Red2 Nf6 24. Bf1 Bf5 25. Qb3 Ne6 26. Nxe6 Bxe6 27. Qxb7 Reb8 28. Qxc6 Rc8 29. Qa6 Ne4 30. Rc2 Nxc3 31. bxc3 Bf5 32. Bd3 Qh5 33. Bxf5 Qxf5 34. Qd3 Qg5+ 35. Qd2 Qh5 36. Qf4 Re8 37. g4 Qh3 38. f3 Rac8 39. Kb2 Re6 40. Rg1 Rce8 41. Rgg2 Qh1 42. Rh2 Rb6+ 43. Ka3 Qf1 44. c4 Qb1 45. Rb2 Qd3+ 46. Rb3 Ra6+ 47. Kb2 Re2+ 48. Rxe2 Qxe2+ 0-1

[Event "Tomsk Izmailov Memorial op-D 12th"]
[Site "Tomsk"]
[Date "2008.07.11"]
[Round "8"]
[White "Vorobjov, Stanislav"]
[Black "Gankin, Stanislav"]
[Result "1/2-1/2"]
[WhiteElo "2089"]
[BlackElo "2269"]
[PlyCount "83"]
[EventDate "2008.07.04"]
[EventType "swiss"]
[EventRounds "9"]
[EventCountry "RUS"]
[SourceTitle "EXT 2022"]
[Source "ChessBase"]
[SourceDate "2021.10.06"]
[SourceVersion "1"]
[SourceVersionDate "2021.10.06"]
[SourceQuality "1"]

1. e4 e6 2. d4 d5 3. Nc3 Nf6 4. Bd3 a6 5. exd5 Nxd5 6. Nxd5 Qxd5 7. Nf3 c5 8. dxc5 Bxc5 9. Qe2 Nc6 10. Be4 Qd6 11. Be3 Bxe3 12. Qxe3 f6 13. 0-0 0-0 14. Rad1 Qe7 15. Qb6 e5 16. Bxc6 bxc6 17. Qxc6 Bb7 18. Rd7 Bxc6 19. Rxe7 Rfc8 20. Rd1 Kf8 21. Re6 Kf7 22. Red6 Bxf3 23. gxf3 Rxc2 24. Rd7+ Kg6 25. Rb7 h5 26. Rdd7 Kf5 27. Rb6 Rg8 28. Rxa6 Rxb2 29. Raa7 Rc8 30. Rdc7 Rxa2 31. Rxg7 Rc1+ 32. Kg2 Re2 33. Rac7 Rd1 34. Rcd7 Rd4 35. Rh7 h4 36. h3 Rf4 37. Rhe7 Rc4 38. Rc7 Rd4 39. Red7 Red2 40. Rh7 e4 41. fxe4+ Rxe4 42. Rc3 1/2-1/2

[Event "Tomsk Izmailov Memorial op-D 12th"]
[Site "Tomsk"]
[Date "2008.07.04"]
[Round "1"]
[White "Vorobjov, Stanislav"]
[Black "Moskalenko, Viktor1111"]
[Result "1-0"]
[WhiteElo "2098"]
[BlackElo "2569"]
[PlyCount "62"]
[EventDate "2008.07.04"]
[EventType "swiss"]
[EventRounds "9"]
[EventCountry "RUS"]
[SourceTitle "EXT 2022"]
[Source "ChessBase"]
[SourceDate "2021.10.06"]
[SourceVersion "1"]
[SourceVersionDate "2021.10.06"]
[SourceQuality "1"]

1. e4 c5 2. c3 Nf6 3. e5 Nd5 4. Nf3 e6 5. d4 Be7 6. c4 Nb6 7. d5 d6 8. exd6 Bxd6 9. Nc3 a6 10. a4 exd5 11. cxd5 0-0 12. a5 Re8+ 13. Be2 Nc4 14. Qa4 Ne5 15. 0-0 Nxf3+ 16. Bxf3 Bf5 17. Bf4 Bd7 18. Qb3 Bxf4 19. Qxb7 Qc7 20. Qxa8 Bxh2+ 21. Kh1 Bd6 22. Ne4 Be5 23. Rac1 Bb5 24. Rfe1 Qe7 25. g3 Nc6 26. Qxe8+ Qxe8 27. Nd6 Qd7 28. Nxb5 Qh3+ 29. Kg1 g5 30. Bg2 Qg4 31. dxc6 axb5 1-0